02702cam a22003854i 4500003000900000005001700009008004100026035002000067040003300087100003900120245019300159264001000352300004000362336002100402337002500423338002300448502005800471504002400529520158800553526001002141526001002151526000902161526000902170526000902179526000902188526000902197526000902206526000902215526000802224526000802232526000802240526000802248526000802256650005202264PE-LiUPU20250731165435.0160429s2015 pe a grm 000 0 spa d a(Sirsi) a156581 aPE-LiUPUbspacPE-LiUPUerda1 aCruz Huaranga, Milda Amparoeautor1 aEfectividad del programa aula virtual verde, en las actitudes de conservación al medio ambiente de los estudiantes del sexto grado del Colegio Unión 2015 /cMilda Amparo Cruz Huaranga. 0c2015. a223 hojas : bilustraciones;c30 cm atext2rdacontent aunmediated2rdamedia avolume2rdacarrier aTesisb(Mg.) -- cUniversidad Peruana Unión,d2015. aIncluye referencias3 aEl objetivo de la investigación fue determinar la efectividad del programa aula virtual verde, en las actitudes de conservación al medio ambiente de los estudiantes del sexto grado del Colegio Unión. El tipo de investigación es básica de enfoque cuantitativo, el diseño fue cuasi experimental y los participantes fueron 80 estudiantes entre el grupo experimental y el de control. Para el desarrollo del estudio se elaboró un instrumento validado por expertos. El análisis de los resultados a través de la prueba t demostró que existen diferencias significativas (p<0,05) entre la intervención del programa y las actitudes, se obtuvo en la actitud cognitiva una media de 3.78 antes frente a un 4.21 después, con una diferencia promedio de 0.43; así mismo, la actitud afectiva con una media de 3.60 antes frente a 4.26 después, con una diferencia promedio de 0.66 y finalmente la actitud conductual con una media de 3.40 antes frente a un 4.42 después, con una diferencia promedio de 1.02. Estos datos corroboran que después de la aplicación del programa los resultados fueron significativos y muy favorables para el grupo experimentado, mostrando un promedio demostrativo. Sin embargo, para el grupo control los resultados se mantuvieron con porcentajes desfavorables, refleja que los estudiantes no manifestaron cambios en su conocimiento, sentimiento y accionar respecto a la importancia del cuidado del amiente, en comparación al grupo experimental, cuyos cambios fueron demostrativos en las actitudes de conservación a nuestro medio ambiente. aSEG44 aSEG26 aP151 aP150 aP149 aP146 aP145 aP126 aP125 aP92 aP75 aP74 aP27 aP1504aConservación ambientalxEducación primaria.